Welches Land ist gesucht? - Statistiken

Allgemein
  • Dieses Quiz wurde 279 mal gespielt
  • Das Durchschnittsergebnis liegt bei 16 aus 20
Antwortstatistiken
Beschreibung Land % Korrekt
zweitbevölkerungsreichstes Land auf der Erde, wurde 1947 vom Vereinigten Königreich unabhängig, Kastensystem Indien
96%
der kleinste Staat der Erde, Enklave, "Staatsoberhaupt" ist ein argentinischer Geistlicher Vatikan
93%
bekannt für die Musikstile Ska und Reggae, berühmtester Sportler Usain Bolt, Inselstaat Jamaika
90%
Hauptsitz der Europäischen Zentralbank (EZB) befindet sich in diesem Land, Mitglied der Achsenmächte im 2. Weltkrieg, bekannt für hochqualitative Autoproduktion Deutschland
88%
Vulkan-System Eyjafjallajökull, der am dünnsten besiedelte Staat Europas, hinsichtlich Pro-Kopf-Einkommen einer der führenden Staaten weltweit Island
88%
Einparteiensystem, totalitäre Diktatur, sehr angespanntes Verhältnis zum asiatischen Nachbarstaat Nordkorea
88%
Amtssprachen sind Deutsch, Französisch, Italienisch sowie Rätoromanisch, direkte Demokratie, weder EU- noch NATO-Mitglied, lt. der Rangliste des Human Development Index (HDI) von 2019 auf Platz zwei Schweiz
88%
asiatisches Land, das mit den USA militärisch verbündet ist, bekannt für seine gesunde und schmackhafte Küche (Reis, Nudeln, Fisch, Tofu), 2011 spielte sich in diesem Land eine nukleare Katastrophe ab Japan
86%
Februarrevolution 1917, KGB, Mitglied der Alliierten Russland
86%
das am zweithäufigsten besuchte Land der Welt, zwei bestimmte Inseln sind sehr beliebte Urlaubsziele der Deutschen, die Putschisten von 1936 erhielten die Unterstützung Hitlers und Mussolinis Spanien
85%
der Euphrat und Tigris fließen durch das gesuchte Land, auf der Weltrangliste jener Länder mit den meisten Bodenschätzen (z.B. Erdöl) liegt der gesuchte Staat auf Rang vier, Kriege gegen den Iran und Kuwait Irak
80%
lt. eines UNO-Berichts von 2017 ist die Rate sexueller Gewalt gegen Frauen außerhalb von Beziehungen die höchste der Welt, Hernán Cortés stürzte im Zeitraum von 1519 bis 1521 das Azteken-Reich Mexiko
79%
Habsburger Monarchen stellten von 1804 bis 1918 den Kaiser, Anschluss 1938 an das Dritte Reich, immerwährende Neutralität hat Verfassungsrang Österreich
77%
hat die meisten Muslime aller Länder der Welt, Hauptinseln sind Borneo, Sumatra und Java, im Jahr 2020 273,5 Millionen Einwohner Indonesien
76%
EU- und NATO-Mitglied, wohlhabendstes Land des ehemaligen Jugoslawiens, zweitgrößte Stadt: Maribor Slowenien
74%
ehemals in die Sowjetunion integriert gewesen, als Gegenleistung, dass das gesuchte Land auf die auf seinem Territorium stationierten sowjetischen Nuklearwaffen verzichtete, garantierte Russland 1994 im Budapester Memorandum die Eigenständigkeit und die bestehenden Grenzen des Landes Ukraine
73%
von einem Bürgerkrieg geplagtes Land in Nordafrika, der ehemalige Machthaber zerriss bei seiner ersten Rede vor der UN-Vollversammlung 2009 einige Seiten der UN-Charta und wurde 2011 getötet Libyen
66%
Staatsreligion Islam, die am weitesten entwickelte Volkswirtschaft des Nahen Ostens, in der Hauptstadt kann die sogenannte "Ferrari World" besucht werden VAE
54%
dort betrat Christoph Kolumbus 1492 erstmals amerikanisches Festland, danach wurden die ca.40.000 Inselbewohner bis 1520 nach Hispaniola verschleppt sowie versklavt, Steueroase Bahamas
46%
der bevölkerungsreichste Binnenstaat der Welt, gilt als Ursprungsland des Kaffees, Abessinienkrieg (1935-1941) Äthiopien
45%
Keine übereinstimmenden Quizze gefunden
Verteilung der Resultate
Anzahl Personen mit jedem Resultat
Perzentil nach korrekt beantworteten Fragen
Ihre Resultats-Entwicklung
Sie haben dieses Quiz noch nicht gespielt